| 000 | 00823nam a22002777a 4500 | ||
|---|---|---|---|
| 001 | 7825 | ||
| 003 | BD-DhEWU | ||
| 005 | 20150220200958.0 | ||
| 008 | 150220s2014 bg a|||g b||| 001 0 eng d | ||
| 020 | _a9789845061414 | ||
| 035 | _a(OCoLC) | ||
| 040 |
_aBD-DhEWU _beng _cBD-DhEWU _dBD-DhEWU |
||
| 041 | _aeng | ||
| 082 | 0 | 4 |
_a363.7384095492 _bBRC 2014 |
| 100 | 1 |
_aBrammer, Hugh. _919231 |
|
| 245 | 1 | 0 | _aClimate change, Sea-level Rise and Development in Bangladesh / |
| 260 |
_aDhaka : _bUniversity press limited, _c2014. |
||
| 300 |
_axxi, 306 p. : _bill. ; _c25 cm. |
||
| 504 | _aIncludes index and bibliographical references. | ||
| 526 | _aMPRHGD | ||
| 590 | _aSaifun Momota | ||
| 653 | _aClimatic changes -- Bangladesh. | ||
| 653 | _aSustainable development. | ||
| 856 | _3WorldCat details | ||
| 942 |
_2ddc _cTEXT |
||
| 999 |
_c7825 _d7825 |
||